| 000 | 00456nam a2200157Ia 4500 | ||
|---|---|---|---|
| 999 |
_c2118 _d2118 |
||
| 008 | 191121s9999||||xx |||||||||||||| ||und|| | ||
| 082 |
_a387.44 _bNHO |
||
| 100 | _aNational Hydrographic Office | ||
| 245 | 0 | _aIndian Notices to Mariners | |
| 250 | _a2004, 2005, 2006 and 2007 | ||
| 260 |
_bNational Hydrographic Office _aDehradoon _c2004, 2005, 2006, 2007 |
||
| 300 | _a110p. | ||
| 650 | _aAids to navigation | ||
| 650 | _aNotices to mariners | ||
| 942 | _cBK | ||